Super Bowl Scores - Statistics

General Stats
  • This quiz has been taken 47 times
    33 since last reset
  • The average score is 42 of 59
Answer Stats
Super Bowl Winning Team Score Losing Team % Correct
XLIX New England Patriots 28-24 Seattle Seahawks
100%
XLII New York Giants 17-14 New England Patriots
94%
XXXVI New England Patriots 20-17 St. Louis Rams
94%
XL Pittsburgh Steelers 21-10 Seattle Seahawks
94%
LI New England Patriots 34-28 Atlanta Falcon
94%
LIII New England Patriots 13-3 Los Angeles Rams
89%
X Pittsburgh Steelers 21-17 Dallas Cowboys
89%
XLVI New York Giants 21-17 New England Patriots
89%
XXXIX New England Patriots 24-21 Philadelphia Eagles
89%
LIV Kansas City Chiefs 31-20 San Francisco 49ers
89%
XXXII Dever Broncos 31-24 Green Bay Packers
89%
XXXV Baltimore Ravens 34-7 New York Giants
89%
VII Miami Dolphins 14-7 Washington Redskins
83%
XXV New York Giants 20-19 Buffalo Bills
83%
LVI Los Angeles Rams 23-20 Cincinnati Bengals
83%
50 Denver Broncos 24-10 Carolina Panthers
83%
XLIII Pittsburgh Steelers 27-23 Arizona Cardinals
83%
XLIV New Orleans Saints 31-17 Indianapolis Colts
83%
XLVII Baltimore Ravens 34-31 San Francisco 49ers
83%
LIX Philadelphia Eagles 40-22 Kansas City Chiefs
83%
XLV Green Bay Packers 31-25 Pittsburgh Steelers
78%
LV Tampa Bay Buccaneers 31-9 Kansas City Chiefs
78%
I Green Bay Packers 35-10 Kansas City Chiefs
78%
LVII Kansas City Chiefs 38-35 Philadelphia Eagles
78%
LII Philadelphia Eagles 41-33 New England Patriots
78%
XLVIII Seattle Seahawks 43-8 Denver Broncos
78%
XXIV San Francisco 49ers 55-10 Denver Broncos
78%
XLI Indianapolis Colts 29-17 Chicago Bears
72%
XXXVIII New England Patriots 32-29 Carolina Panthers
72%
XXXIII Denver Broncos 34-19 Atlanta Falcons
72%
XIII Pittsburgh Steelers 35-31 Dallas Cowboys
72%
XX Chicago Bears 46-10 New England Patriots
72%
XXXVII Tampa Bay Buccaneers 48-21 Oakland Raiders
72%
XXIX San Francisco 49ers 49-26 San Diego Chargers
72%
III New York Jets 16-7 Baltimore Colts
67%
XXIII San Francisco 49ers 20-16 Cincinnati Bengals
67%
XXXIV St. Louis Rams 23-16 Tennessee Titans
67%
LVIII Kansas City Chiefs 25-22 San Francisco 49ers
67%
XVII Washington Redskins 27-17 Miami Dolphins
67%
XXX Dallas Cowboys 27-17 Pittsburgh Steelers
67%
XXVIII Dallas Cowboys 30-13 Buffalo Bills
67%
XXVII Dallas Cowboys 52-17 Buffalo Bills
67%
VI Dallas Cowboys 24-3 Miami Dolphins
61%
XVI San Francisco 49ers 26-21 Cincinnati Bengals
61%
XIV Pittsburgh Steelers 31-19 Los Angeles Rams
61%
XXVI Washington Redskins 37-24 Buffalo Bills
61%
XXI New York Giants 39-20 Denver Broncos
61%
XXII Washington Redskins 42-10 Denver Broncos
61%
VIII Miami Dolphins 24-7 Minnesota Vikings
56%
XII Dallas Cowboys 27-10 Denver Broncos
56%
XXXI Green Bay Packers 35-21 New England Patriots
56%
V Baltimore Colts 16-13 Dallas Cowboys
50%
IV Kansas City Chiefs 23-7 Minnesota Vikings
50%
XI Oakland Raiders 32-14 Minnesota Vikings
50%
XIX San Francisco 49ers 38-16 Miami Dolphins
50%
XVIII Los Angeles Raiders 38-9 Washington Redskins
50%
IX Pittsburgh Steelers 16-6 Minnesota Vikings
44%
II Green Bay Packers 33-14 Oakland Raiders
44%
XV Oakland Raiders 27-19 Philadelphia Eagles
22%
No matching quizzes found
Score Distribution
Percent of People with Each Score
Percentile by Number Answered
Your Score History
You have not taken this quiz since the last reset